Countries With the Largest Air Forces - Statistics

General Stats
  • This quiz has been taken 51,648 times
    48,106 since last reset
  • The average score is 16 of 20
Answer Stats
Aircraft Country % Correct
13,209 United States
100%
4,255 Russia
99%
3,304 China
98%
664 United Kingdom
98%
972 France
96%
618 Germany
95%
2,296 India
92%
1,459 Japan
92%
628 Brazil
86%
800 Italy
86%
1,576 South Korea
85%
951 North Korea
79%
1,434 Pakistan
76%
1,080 Egypt
74%
914 Saudi Arabia
74%
1,069 Turkey
74%
612 Israel
69%
632 Greece
46%
750 Taiwan
45%
605 Algeria
43%
No matching quizzes found
Score Distribution
Percent of People with Each Score
Percentile by Number Answered
Your Score History
You have not taken this quiz since the last reset